000 00936nam a22002417a 4500
999 _c96189
_d96189
005 20230628163532.0
010 _a1516EN07 ENG-116122
020 _a9788184881059
_c1500.00
035 _aB-601913-924
035 _aEN-99654
037 _aDPL
_bHimalaya Publishing House
037 _bDBAD/PUB
082 _a332.1
100 _aMithani, D.M.
245 _aMoney, banking, international trade and public finance /
_cby D.M. Mithani
250 _a17th rev ed
260 _aNew Delhi
_bHimalaya Publishing House
_c2014-15
270 _aPooja Apartments, 4-B, Murari Lal Street, Ansari Road Dariy Ganj
_bNew Delhi
_e110002
300 _a731p.
_b27cm(Hb)
700 _d.
942 _2ddc
_cEN
_h332.1
_mMIT